00652nam a2200181 i 450000100060000000300090000600500170001500700030003200800410003510000360007624500580011226000500017030000300022071000490025085200320029999900170033195201220034832855ES-MaACL20230906154640.0t|030131s1967 sp ||||1| spa d1 aBermejo Zuazua, Antonio.92812110aAlimentación del ganado / cAntonio Bermejo Zuazua. aMadrid : bMinisterio de Agricultura, c1967. a422 p. : bil. ; c19 cm.1 aEspaña. bMinisterio de Agricultura.93837 aES-MaACLjC-33310 bR.64087 c32855d32855 00104070aATENEOMbATENEOMcDEPO2d2008-01-17eSCl0oC-33310p1034102r2023-02-23 00:00:00w2023-02-23yMONOGRAFIA